Fiqh wanita : Mu'amalat

Bibliographic Details
Main Author: Al-Jamal, Ibrahim Muhammad (Author)
Other Authors: Mat Sa'ad Abd. Rahman (Translator)
Format: Book
Language:Malay
Published: Shah Alam Penerbitan Hizbi 1988
Subjects:

MARC

LEADER 00000cam a2200000 7i4500
001 0000000578
005 20240919.0
008 991124 my may
020 |a 967996454X 
040 |a INS   |b eng   |e rda 
090 0 0 |a BP184.9.M3   |b .A42 1988 
100 1 |a Al-Jamal, Ibrahim Muhammad ,   |e author 
245 1 0 |a Fiqh wanita :   |b Mu'amalat   |c Ibrahim Muhammad Al-Jamal   |f diterjemahkan dari Bahasa Arab oleh Prof. Madya Dr. Mat Sa'ad Abd. Rahman 
264 1 |a Shah Alam   |c Penerbitan Hizbi   |c 1988 
300 |a 160 pages ;   |c 22 cm. 
336 |a text  |2 rdacontent 
337 |a unmediated  |2 rdamedia 
338 |a volume  |2 rdacarrier 
650 0 |a Islam Religions Practice 
700 0 |a Mat Sa'ad Abd. Rahman ,   |e translator 
999 |a 0000003973   |b BOOK   |c Open Shelf   |e Default branch